| 000 | 01543cam a2200145 4500500 | ||
|---|---|---|---|
| 005 | 20260405033458.0 | ||
| 041 | _afre | ||
| 042 | _adc | ||
| 100 | 1 | 0 |
_aBourgues, Paul _eauthor |
| 700 | 1 | 0 |
_aMontagne, Camille _eauthor |
| 245 | 0 | 0 | _aLa circulation des modèles normatifs |
| 260 |
_bPresses universitaires de Grenoble,
_c2018. |
||
| 520 | _aUne approche comparative de différents systèmes juridiques étrangers.Ce livre étudie la faculté qu’a un modèle normatif à s’exporter et s’implanter dans d’autres systèmes juridiques, mais aussi la façon dont un ordre juridique peut intégrer à son tour un modèle dont il n’est pas le créateur. Pour ce faire, il s’appuie sur différentes branches du droit, notamment le droit de l’ONU, le droit de la procédure civile, le droit de l’Union européenne ou encore l’histoire du droit et le droit constitutionnel. Plusieurs exemples sont étudiés, notamment celui des réfugiés, dont l’afflux massif en Europe a soulevé plusieurs questions de nature juridique sur le statut et les droits dont jouissent ces migrants.Cet ouvrage rassemble les contributions de chercheurs issus des trois spécialités des sciences juridiques: droit privé et sciences criminelles, droit public et histoire du droit.Ont contribué à cet ouvrage: Zérah Brémond, Léa Dubois, Philippe Flory, Albane Geslin, Aurélie Mure, JulieRocheton, Mehdi Taboui. | ||
| 856 | 4 | 1 | _uhttps://shs.cairn.info/la-circulation-des-modeles-normatifs--9782706126987?lang=fr&redirect-ssocas=7080 |
| 999 |
_c2162197 _d2162197 |
||